000 00396nam a2200157Ia 4500
008 100122s9999 xx 000 0 und d
082 _b76895
_aBM781.24
100 _aनाटेकर सुनिल
245 _aस्वरभाषा
250 _a1
260 _c2008
300 _a127
630 _aस्वरभाषा
730 _aस्वरभाषा
942 _cBOOK
999 _c393824
_d393821